| Поле | Инд. | ПП | Название | Значение |
|---|---|---|---|---|
| Тип записи | a | |||
| Библиографический уровень | m | |||
| 001 | Контрольный номер | a86760def27d45d3b332a5c3a0831942 | ||
| 005 | Дата корректировки | 20171205160209.4 | ||
| 024 | 80 | a | Стандартный номер | 10.02.01 |
| 040 | a | Служба первич. каталог. | НБ ТвГУ | |
| b | Код языка каталог. | rus | ||
| e | Правила каталог. | PSBO | ||
| 041 | 0_ | a | Код языка текста | rus |
| 080 | a | Индекс УДК | 811.161.1'34(043.3) | |
| 084 | a | Индекс другой классификации/Индекс ББК | Ш141.12-1я031 | |
| 090 | a | Полочн. индекс | Ш141.12 | |
| x | Авторский знак | С 81 | ||
| 097 | b | Оператор | mimoza | |
| 100 | 1_ | a | Автор | Стойка Дарья Андреевна |
| q | Полное имя | Стойка Д. А. | ||
| 245 | 10 | a | Заглавие | Редуцированные формы русской речи: лингвистический и экстралингвистический аспекты |
| b | Продолж. заглавия | автореферат диссертации ... кандидата филологических наук : 10.02.01 - русский язык | ||
| c | Ответственность | науч. рук. Н. В. Богданова-Бегларян ; оппонент В. В. Наумов, И. А. Вещикова | ||
| 260 | c | Дата издания | 2017 | |
| a | Место издания | Санкт-Петербург | ||
| b | Издательство | б. и. | ||
| 300 | a | Объем | 26 с. | |
| 500 | a | Примечание | На правах рукописи | |
| 502 | a | Примечание о диссертации | Защита: 27.04.2017 | |
| 653 | 0_ | a | Ключевые слова | Русский язык |
| a | Ключевые слова | Русская речь | ||
| a | Ключевые слова | Фонетика русского языка | ||
| a | Ключевые слова | Редукция | ||
| a | Ключевые слова | Вариативность редукции | ||
| a | Ключевые слова | Аллегроформа | ||
| a | Ключевые слова | Аллерговые формы | ||
| a | Ключевые слова | Авторефераты | ||
| a | Ключевые слова | Кандидатские диссертации | ||
| 700 | 12 | a | Другие авторы | Богданова-Бегларян Наталья Викторовна |
| e | Роль лиц | науч. рук. | ||
| 700 | 12 | a | Другие авторы | Наумов Владимир Викторович |
| e | Роль лиц | оппонент | ||
| 700 | 12 | a | Другие авторы | Вещикова Ирина Андреевна |
| e | Роль лиц | оппонент | ||
| 710 | 12 | a | Организация/ юрисдикция | Санкт-Петербургский государственный университет |
| e | Роль коллектива | место выполнения работы | ||
| 710 | 12 | a | Организация/ юрисдикция | Институт русского языка им. В. В. Виноградова РАН |
| e | Роль коллектива | ведущая организация | ||
| 710 | 12 | a | Организация/ юрисдикция | Санкт-Петербургский государственный университет |
| e | Роль коллектива | место защиты | ||
| 901 | t | Тип документа | d | |
| 920 | a | Оператор | Семен | |
| a | Оператор | Рунт | ||
| a | Оператор | Суха | ||
| 930 | a | Новая/Ретро | новая | |
| 952 | c | Вид литературы | А/Р н | |
| 954 | b | Дата поступления в ОК | 20170531 | |
| a | Дата поступления на обработку | 20170907 | ||
| c | Дата окончания ОНО | 20171205 |